Współczesne państwa Imperium Kuszanów na mapie - Statystyki

Ogólne statystyki
  • Ten quiz został rozwiązany 1 304 razy
  • Średni wynik to 8 z 8
Odpowiedzi na mapie
Odpowiedzi zakodowano w zielono-czerwonej skali na mapie do tego quizu, zgodnie z poniższymi procentami.
 
Statystyki odpowiedzi
Odpowiedź % Poprawnych
Indie
98%
Pakistan
98%
Afganistan
97%
Iran
97%
Tadżykistan
96%
Uzbekistan
96%
Turkmenistan
95%
Kazachstan
93%
Nie znaleziono quizów pasujących do podanych kryteriów
Rozkład punktacji
Procent ludzi z każdym wynikiem
Percentyl według liczby udzielonych odpowiedzi
Twoja historia wyników
Nie rozwiązałeś tego quizu